000 00590nam a2200217Ia 4500
005 20241129104228.0
008 241129s9999||||xx |||||||||||||| ||und||
020 _a9780367486181
037 _aTextual
040 _aRTL
_beng
_cRTL
041 _aeng
_2eng
084 _aY9(W:5) R3
_qRTL
100 _aDavidson Mark
_9309801
245 0 _aJustice and cities: Metro morals
_cDavidson Mark
260 _aLondon
_bRoutledge
_c2023
300 _axiii,258p,
365 _aINR
_b3510.79
650 _aSocial Justice
942 _cTB
_hY9(W:5) R3
999 _c1224969
_d1224969